Patriot (Record no. 408)

MARC details
000 -LEADER
fixed length control field 00791 a2200217 4500
008 - FIXED-LENGTH DATA ELEMENTS--GENERAL INFORMATION
fixed length control field 080820t xxu||||| |||| 00| 0 eng d
010 ## - LIBRARY OF CONGRESS CONTROL NUMBER
LC control number ENG-84790
020 ## - INTERNATIONAL STANDARD BOOK NUMBER
International Standard Book Number 8183821081
Terms of availability 450.00
035 ## - SYSTEM CONTROL NUMBER
System control number EN-68323
037 ## - SOURCE OF ACQUISITION
Source of stock number/acquisition D.B.Act / Pub
082 ## - DEWEY DECIMAL CLASSIFICATION NUMBER
Classification number 921
100 ## - MAIN ENTRY--PERSONAL NAME
Personal name Arya, Manwati
245 ## - TITLE STATEMENT
Title Patriot
Statement of responsibility, etc by Manwati Arya
Remainder of title the unique Indian leader
260 ## - PUBLICATION, DISTRIBUTION, ETC. (IMPRINT)
Place of publication, distribution, etc New Delhi
Name of publisher, distributor, etc Lotus Press
Date of publication, distribution, etc 2007
270 ## - ADDRESS
Address 4263/3, Ansari Road, Darya Ganj,
City New Delhi
State or province Delhi
Postal code 110002
Telephone number 32903912, 23290047
Electronic mail address lotus_press@sify.com
300 ## - PHYSICAL DESCRIPTION
Extent 228 p.
Dimensions 21 cm (Hb)
650 ## - SUBJECT ADDED ENTRY--TOPICAL TERM
Topical term or geographic name as entry element Biography
700 ## - ADDED ENTRY--PERSONAL NAME
Personal name Bose, Subhash Chandra
942 ## - ADDED ENTRY ELEMENTS (KOHA)
Institution code [OBSOLETE] dpl
Koha item type English Books
Call number prefix 921 / BOS
Source of classification or shelving scheme Dewey Decimal Classification
Classification part 921
Call number suffix BOS
Holdings
Withdrawn status Lost status Damaged status Not for loan Home library Current library Date acquired Cost, normal purchase price Total Checkouts Full call number Barcode Date last seen Copy number Uniform Resource Identifier Cost, replacement price Price effective from Koha item type
        D.B.Act.Division D.B.Act.Division 20/08/2008 450.00   921 BOS EN-68323 15/09/2008 1 421 450.00 15/09/2008 English Books

© Delhi Public Library
Hit Counter
free hit counter